000 00513nam a2200181 a 4500
001 000678182
003 AM-YeHGA
005 20250617142124.0
008 090814s1965 ||| r 000 0 rus d
040 _aAM-YeHGA
041 0 _arus
100 1 _aГампер, Галина Сергеевна
245 1 0 _aКрыши :
_bСтихи /
_cГалина Гампер.
260 _aЛенинград :
_bЛениздат,
_c1965.
300 _a56 с.
653 0 _aРусская поэзия
090 _c253115
999 _c251517
_d251517